| 000 | 01314nam a22002897i 4500 | ||
|---|---|---|---|
| 003 | URS | ||
| 005 | 20220117151057.0 | ||
| 008 | 170109b xxu||||| |||| 00| 0 eng d | ||
| 050 | 1 | 4 |
_aHF5469.6 _bG5891 2015 |
| 100 | 1 |
_aGonzales, Lady Ann DL, _eauthor |
|
| 245 | 1 | 0 |
_aEstablishment of nuts and sweets specialty store in Barangay, Sampaloc, Tanay, Rizal / _cLady Ann DL. Gonzales, Ma. Christina B. Pilarta, Dino T. Reyes, Karla L. Solano |
| 260 | 1 | _c2015. | |
| 300 |
_axix, 110 leaves : _bcolor illustrations ; _c28 cm |
||
| 336 |
_2rdacontent _atext |
||
| 337 |
_2rdamedia _aunmediated |
||
| 338 |
_2rdacarrier _avolume |
||
| 502 |
_aFeasibility study _bBachelor of Science in Business Administration _cUniversity of Rizal System Tanay _d2016 |
||
| 504 | _aIncludes bibliographical references. | ||
| 520 | _aIt is a feasibility study for a Pasalubong Center that will feature nuts and sweets at ROTC Street, Barangay Sampaloc, Tanay, Rizal. It is proposed to be a partnership organization with an initial capital of Php 370,000.00 | ||
| 650 | 0 | _aPasalubong Industry | |
| 650 | 0 |
_aGift shops _zPhilippines _zTanay (Rizal) |
|
| 700 | 1 |
_aPilarta, Ma. Christian B. _eauthor |
|
| 700 | 1 |
_aReyes, Dino T. _eauthor |
|
| 700 | 1 |
_aSolano, Karla L. _eauthor |
|
| 700 | 1 |
_aDizon, Ailey B. _eadviser |
|
| 942 |
_2lcc _cT |
||
| 999 |
_c16728 _d16728 |
||